|
|
|
|
| LEADER |
00000nam a2200000 a 4500 |
| 001 |
vtls001282039 |
| 003 |
SK-MaSNL |
| 005 |
20260301064745.0 |
| 008 |
240509s1997 xo a r y slo |
| 015 |
|
|
|a SNBA1997/0701948
|
| 020 |
|
|
|a 8080550115
|
| 035 |
|
|
|a SNK000233470
|
| 035 |
|
|
|a urn:nbn:sk:snk-amkg5d
|
| 035 |
|
|
|a urn:nbn:sk:snk-am002yav
|
| 035 |
|
|
|a 682FDBB5-BCA6-4BCE-A733-AE8D50E5BEB0
|
| 040 |
|
|
|a SNK
|b slo
|c SNK
|e AACR2
|
| 041 |
0 |
|
|a slo
|
| 044 |
|
|
|a xo
|c SK
|
| 080 |
|
|
|a 321:14(075.8)
|2 1981
|
| 080 |
|
|
|a 14(075.8)
|2 1981
|
| 245 |
0 |
0 |
|a Dejiny politického myslenia (od staroveku do súčasnosti)
|c Peter Kulašik a kol.
|
| 250 |
|
|
|a 2. vyd.
|
| 260 |
|
|
|a Banská Bystrica
|b Univerzita Mateja Bela
|c 1997
|
| 300 |
|
|
|a 236 s.
|c 25 cm
|
| 500 |
|
|
|a 500 výt.
|
| 504 |
|
|
|a Bibliogr. s. 232-234
|
| 650 |
0 |
7 |
|a myslenie politické
|x dejiny
|2 SNK
|9 382511
|
| 655 |
|
7 |
|a Textbooks (higher)
|2 SNKPHeng
|9 276436
|
| 655 |
|
7 |
|a učebnice vysokých škôl
|2 SNKPH
|9 70191
|
| 655 |
|
7 |
|a učebnice
|2 SNK
|9 22521
|
| 700 |
1 |
|
|a Kulašík, Peter,
|d 1947-
|4 aut
|9 222722
|
| 700 |
1 |
|
|a Briška, František,
|d 1956-2011
|4 aut
|9 122701
|
| 700 |
1 |
|
|a Ježovicová, Daniela
|4 aut
|9 17991
|
| 919 |
|
|
|a 80-8055-011-5
|
| 958 |
|
|
|a OND
|
| 958 |
|
|
|a TL
|
| 958 |
|
|
|a NB
|
| 958 |
|
|
|a UV
|
| 999 |
|
|
|c 628113
|d 630043
|
| 952 |
|
|
|t P60, <09>, [BOOK], {629}
|a SNK
|b SNK
|y NEVYP
|7 0
|o snkC 789
|i snk1453/970408
|0 0
|1 0
|4 0
|d 1997-04-07
|l 0
|r 2005-01-02 00:00:00
|w 2026-02-23
|
| 952 |
|
|
|t P60, <03>, [BOOK], {603}
|a SNK
|b SNK
|y PREZ
|7 0
|p 17A0054733
|o snkSC 92749
|i snkKSP 3336/97
|0 0
|1 0
|4 0
|d 1997-04-07
|f 1
|l 0
|r 2025-09-11 00:00:00
|w 2026-02-23
|
| 952 |
|
|
|a SNK
|b SNK
|y VYP
|7 0
|p 17A0707914
|o snkSC 92749 D1
|i snkKSP 3337/97
|8 0
|3 Niektoré strany v knihe sú podčiarknuté ceruzkou
|0 0
|1 0
|4 0
|d 1997-04-07
|l 0
|r 2005-01-02 00:00:00
|w 2026-02-23
|